[Event "Baku Chess Olympiad | Open"]
[Site "chess24.com"]
[Date "2016.09.04"]
[Round "3"]
[White "Prasad, Calvin"]
[Black "Drayton, Anthony"]
[Result "1/2-1/2"]
[Board "1"]
[WhiteID "11400072"]
[WhiteElo "2013"]
[WhiteTitle "CM"]
[WhiteCountry "FIJ"]
[WhiteFideId "11400072"]
[WhiteEloChange "-3"]
[BlackID "19700261"]
[BlackElo "1923"]
[BlackTitle "CM"]
[BlackCountry "GUY"]
[BlackFideId "19700261"]
[BlackEloChange "3"]

1. Nf3 {[%clk 1:30:22]} Nf6 {[%clk 1:30:47]} 2. c4 {[%clk 1:30:37]} c6 {[%clk
1:31:03]} 3. g3 {[%clk 1:30:21]} d5 {[%clk 1:31:16]} 4. Bg2 {[%clk 1:29:30]} Bf5
{[%clk 1:30:20]} 5. Qb3 {[%clk 1:27:55]} Qc7 {[%clk 1:30:28]} 6. d3 {[%clk
1:27:25]} e6 {[%clk 1:30:38]} 7. Bf4 {[%clk 1:25:41]} Qa5+ {[%clk 1:27:09]} 8.
Nbd2 {[%clk 1:20:40]} Qb4 {[%clk 1:27:14]} 9. O-O {[%clk 1:18:22]} Nbd7 {[%clk
1:27:26]} 10. a3 {[%clk 1:15:18]} Qxb3 {[%clk 1:27:46]} 11. Nxb3 {[%clk 1:15:46]}
a5 {[%clk 1:27:55]} 12. Nh4 {[%clk 1:08:16]} Bg4 {[%clk 1:27:26]} 13. Nf3 {[%clk
1:02:03]} Be7 {[%clk 1:27:21]} 14. Rfe1 {[%clk 0:59:58]} a4 {[%clk 1:26:23]} 15.
Nbd2 {[%clk 0:59:12]} O-O {[%clk 1:25:58]} 16. Ne5 {[%clk 0:52:48]} Nxe5 {[%clk
1:23:20]} 17. Bxe5 {[%clk 0:53:16]} Nd7 {[%clk 1:23:38]} 18. Bc3 {[%clk 0:52:55]}
Rfe8 {[%clk 1:23:18]} 19. d4 {[%clk 0:48:47]} Bf6 {[%clk 1:22:39]} 20. e4 {[%clk
0:47:10]} Nb6 {[%clk 1:18:15]} 21. c5 {[%clk 0:40:15]} Nd7 {[%clk 1:18:25]} 22.
e5 {[%clk 0:38:08]} Be7 {[%clk 1:18:21]} 23. Nf1 {[%clk 0:34:52]} b6 {[%clk
1:15:41]} 24. Ne3 {[%clk 0:35:15]} Bh5 {[%clk 1:16:05]} 25. cxb6 {[%clk 0:34:37]}
Nxb6 {[%clk 1:16:29]} 26. Bf1 {[%clk 0:34:29]} Bg6 {[%clk 1:16:25]} 27. Rec1
{[%clk 0:34:38]} c5 {[%clk 1:16:12]} 28. Be2 {[%clk 0:25:33]} Rec8 {[%clk
1:15:44]} 29. Bd1 {[%clk 0:19:04]} Bd3 {[%clk 1:15:58]} 30. Bc2 {[%clk 0:14:24]}
Bxc2 {[%clk 1:12:31]} 31. Nxc2 {[%clk 0:13:13]} Nc4 {[%clk 1:12:37]} 32. Ne3
{[%clk 0:13:19]} cxd4 {[%clk 1:10:04]} 33. Bxd4 {[%clk 0:13:33]} Nd2 {[%clk
1:09:50]} 34. Kg2 {[%clk 0:09:54]} Nb3 {[%clk 1:08:32]} 35. Rxc8+ {[%clk
0:10:15]} Rxc8 {[%clk 1:08:52]} 36. Rd1 {[%clk 0:10:41]} Kf8 {[%clk 1:07:34]} 37.
Rd3 {[%clk 0:09:00]} Bc5 {[%clk 1:07:19]} 38. Nc2 {[%clk 0:06:51]} Ke8 {[%clk
1:02:55]} 39. Rc3 {[%clk 0:02:57]} Kd7 {[%clk 1:02:55]} 40. Bxc5 {[%clk 0:33:18]}
Rxc5 {[%clk 1:33:34]} 41. Rxc5 {[%clk 0:25:08]} Nxc5 {[%clk 1:33:56]} 42. Nb4
{[%clk 0:25:34]} Kc7 {[%clk 1:33:47]} 43. Kf3 {[%clk 0:22:04]} Kb6 {[%clk
1:34:15]} 44. Ke3 {[%clk 0:22:12]} Nb3 {[%clk 1:33:30]} 45. Kd3 {[%clk 0:17:27]}
Kb5 {[%clk 1:33:38]} 46. Na2 {[%clk 0:16:40]} d4 {[%clk 1:32:29]} 47. Nb4 {[%clk
0:16:49]} Kc5 {[%clk 1:32:47]} 48. f4 {[%clk 0:16:50]} Nc1+ {[%clk 1:32:42]} 49.
Kd2 {[%clk 0:16:53]} Nb3+ {[%clk 1:32:14]} 50. Kd3 {[%clk 0:17:22]} f6 {[%clk
1:31:49]} 51. Na6+ {[%clk 0:15:29]} Kb6 {[%clk 1:32:00]} 52. exf6 {[%clk
0:10:36]} gxf6 {[%clk 1:32:19]} 53. Nb8 {[%clk 0:10:35]} Kc7 {[%clk 1:32:28]} 54.
Na6+ {[%clk 0:11:03]} Kd6 {[%clk 1:31:52]} 55. Ke4 {[%clk 0:10:56]} Nc5+ {[%clk
1:31:45]} 56. Nxc5 {[%clk 0:11:25]} Kxc5 {[%clk 1:32:04]} 57. g4 {[%clk 0:03:02]}
Kc4 {[%clk 1:32:20]} 58. h4 {[%clk 0:03:25]} d3 {[%clk 1:32:00]} 59. Ke3 {[%clk
0:03:50]} e5 {[%clk 1:32:03]} 60. f5 {[%clk 0:01:16]} Kd5 {[%clk 1:30:50]} 61. g5
{[%clk 0:01:03]} fxg5 {[%clk 1:30:57]} 62. hxg5 {[%clk 0:01:30]} e4 {[%clk
1:30:45]} 63. f6 {[%clk 0:00:31]} Ke6 {[%clk 1:31:10]} 64. Kd2 {[%clk 0:00:57]}
h5 {[%clk 1:30:47]} 65. gxh6 {[%clk 0:01:19]} Kxf6 {[%clk 1:31:07]} 66. Kc3
{[%clk 0:01:46]} Kg6 {[%clk 1:31:02]} 67. b4 {[%clk 0:02:08]} axb3 {[%clk
1:31:04]} 68. Kxb3 {[%clk 0:01:58]} Kxh6 {[%clk 1:30:09]} 69. a4 {[%clk 0:02:04]}
Kg5 {[%clk 1:29:52]} 70. a5 {[%clk 0:02:01]} Kf4 {[%clk 1:29:57]} 71. Kc3 {[%clk
0:01:27]} Ke3 {[%clk 1:30:23]} 72. a6 {[%clk 0:01:50]} d2 {[%clk 1:30:03]} 73. a7
{[%clk 0:02:19]} d1Q {[%clk 1:29:55]} 74. a8Q {[%clk 0:02:48]} Qc1+ {[%clk
1:29:40]} 75. Kb4 {[%clk 0:02:56]} Qb2+ {[%clk 1:29:21]} 76. Kc4 {[%clk 0:03:25]}
Qd4+ {[%clk 1:29:34]} 77. Kb3 {[%clk 0:03:42]} Ke2 {[%clk 1:29:33]} 78. Qf8
{[%clk 0:02:59]} e3 {[%clk 1:29:33]} 79. Kc2 {[%clk 0:02:59]} Qc4+ {[%clk
1:28:50]} 80. Kb2 {[%clk 0:03:52]} Ke1 {[%clk 1:28:53]} 81. Qh6 {[%clk 0:03:27]}
Qd3 {[%clk 1:27:02]} 82. Qh4+ {[%clk 0:03:02]} Kd1 {[%clk 1:27:14]} 83. Qa4+
{[%clk 0:02:52]} Ke1 {[%clk 1:27:24]} 84. Qh4+ {[%clk 0:03:20]} Kd2 {[%clk
1:27:04]} 85. Qb4+ {[%clk 0:03:39]} Ke2 {[%clk 1:26:32]} 86. Qg4+ {[%clk
0:04:28]} Kf2 {[%clk 1:26:30]} 87. Qf4+ {[%clk 0:04:26]} Kg2 {[%clk 1:24:57]} 88.
Qg4+ {[%clk 0:04:33]} Kf1 {[%clk 1:25:03]} 89. Qf4+ {[%clk 0:04:50]} Ke1 {[%clk
1:23:25]} 90. Qh4+ {[%clk 0:05:19]} Kd1 {[%clk 1:22:24]} 91. Qa4+ {[%clk
0:05:41]} Kd2 {[%clk 1:22:13]} 92. Qb4+ {[%clk 0:06:09]} Ke2 {[%clk 1:19:01]} 93.
Qg4+ {[%clk 0:06:34]} Kf1 {[%clk 1:19:19]} 94. Qf4+ {[%clk 0:06:56]} Kg1 {[%clk
1:19:30]} 95. Qg4+ {[%clk 0:07:24]} Kf2 {[%clk 1:19:00]} 96. Qf4+ {[%clk
0:07:52]} Ke2 {[%clk 1:17:46]} 97. Qg4+ {[%clk 0:08:19]} Kd2 {[%clk 1:17:48]} 98.
Qb4+ {[%clk 0:08:45]} Kd1 {[%clk 1:18:03]} 99. Qa4+ {[%clk 0:09:09]} 1/2-1/2

[Event "Baku Chess Olympiad | Open"]
[Site "chess24.com"]
[Date "2016.09.04"]
[Round "3"]
[White "Botsoe, Koffi"]
[Black "Lima, Osvaldo Dos Santos"]
[Result "1-0"]
[Board "3"]
[WhiteID "21200025"]
[WhiteElo "1610"]
[WhiteCountry "TOG"]
[WhiteFideId "21200025"]
[WhiteEloChange "15"]
[BlackID "14306352"]
[BlackElo "1782"]
[BlackTitle "CM"]
[BlackCountry "STP"]
[BlackFideId "14306352"]
[BlackEloChange "-15"]

1. e4 {[%clk 1:30:32]} d6 {[%clk 1:30:25]} 2. Nc3 {[%clk 1:30:39]} Nf6 {[%clk
1:30:32]} 3. f4 {[%clk 1:29:40]} Nc6 {[%clk 1:29:33]} 4. Nf3 {[%clk 1:28:24]} e5
{[%clk 1:29:00]} 5. Bb5 {[%clk 1:24:31]} Bd7 {[%clk 1:22:28]} 6. d3 {[%clk
1:24:41]} Qe7 {[%clk 1:20:44]} 7. a4 {[%clk 1:23:23]} a5 {[%clk 1:20:13]} 8. f5
{[%clk 1:15:48]} Qd8 {[%clk 1:17:30]} 9. O-O {[%clk 1:16:00]} Be7 {[%clk
1:17:38]} 10. Qe1 {[%clk 1:11:30]} Nb4 {[%clk 1:16:47]} 11. Qe2 {[%clk 1:06:29]}
Bxb5 {[%clk 1:07:39]} 12. axb5 {[%clk 1:05:20]} c6 {[%clk 1:06:41]} 13. bxc6
{[%clk 1:04:01]} Nxc6 {[%clk 1:05:34]} 14. h3 {[%clk 1:03:17]} Qc7 {[%clk
0:59:37]} 15. Be3 {[%clk 1:02:17]} Nb4 {[%clk 0:58:17]} 16. d4 {[%clk 0:59:57]}
O-O {[%clk 0:57:54]} 17. dxe5 {[%clk 0:54:13]} dxe5 {[%clk 0:58:19]} 18. Rad1
{[%clk 0:46:56]} a4 {[%clk 0:57:23]} 19. Nd5 {[%clk 0:39:07]} Nfxd5 {[%clk
0:56:45]} 20. exd5 {[%clk 0:39:01]} Qxc2 {[%clk 0:55:24]} 21. Qxc2 {[%clk
0:35:46]} Nxc2 {[%clk 0:55:38]} 22. Bc1 {[%clk 0:35:41]} Bd6 {[%clk 0:51:54]} 23.
Ng5 {[%clk 0:33:02]} Bc5+ {[%clk 0:51:03]} 24. Kh2 {[%clk 0:28:00]} Bd4 {[%clk
0:49:58]} 25. Ne4 {[%clk 0:27:14]} f6 {[%clk 0:49:04]} 26. Rf3 {[%clk 0:27:14]}
b5 {[%clk 0:48:25]} 27. g4 {[%clk 0:26:44]} b4 {[%clk 0:48:25]} 28. g5 {[%clk
0:25:55]} a3 {[%clk 0:47:56]} 29. bxa3 {[%clk 0:25:29]} bxa3 {[%clk 0:48:24]} 30.
Bxa3 {[%clk 0:25:01]} Rxa3 {[%clk 0:46:54]} 31. Rxa3 {[%clk 0:23:38]} Nxa3 {[%clk
0:47:21]} 32. gxf6 {[%clk 0:23:58]} gxf6 {[%clk 0:46:48]} 33. Rd3 {[%clk
0:24:16]} Nc4 {[%clk 0:43:43]} 34. d6 {[%clk 0:24:13]} Kf7 {[%clk 0:41:04]} 35.
Rb3 {[%clk 0:22:31]} Nb6 {[%clk 0:41:01]} 36. Rb5 {[%clk 0:21:09]} Rd8 {[%clk
0:41:05]} 37. Rb4 {[%clk 0:18:52]} Rd7 {[%clk 0:39:56]} 38. Rb5 {[%clk 0:17:21]}
Nc4 {[%clk 0:37:55]} 39. h4 {[%clk 0:11:04]} Nxd6 {[%clk 0:37:24]} 40. Rd5 {[%clk
0:40:49]} Ke7 {[%clk 1:07:48]} 41. Ng3 {[%clk 0:40:49]} Bf2 {[%clk 1:07:48]} 42.
Nh5 {[%clk 0:36:17]} Bxh4 {[%clk 1:07:30]} 43. Ng7 {[%clk 0:35:51]} Bf2 {[%clk
1:05:30]} 44. Kg2 {[%clk 0:34:00]} Be3 {[%clk 1:04:26]} 45. Kf3 {[%clk 0:33:51]}
Bg5 {[%clk 1:04:02]} 46. Rd1 {[%clk 0:26:19]} h6 {[%clk 1:01:45]} 47. Kg4 {[%clk
0:25:18]} Ne4 {[%clk 0:58:59]} 48. Rb1 {[%clk 0:25:03]} Kf7 {[%clk 0:54:30]} 49.
Ne6 {[%clk 0:24:36]} Ke7 {[%clk 0:51:55]} 50. Rb8 {[%clk 0:22:26]} Nd6 {[%clk
0:46:23]} 51. Rh8 {[%clk 0:20:49]} Ra7 {[%clk 0:43:11]} 52. Rh7+ {[%clk 0:20:20]}
Nf7 {[%clk 0:43:35]} 53. Rg7 {[%clk 0:20:20]} Ra4+ {[%clk 0:43:35]} 54. Kh5
{[%clk 0:17:05]} Rc4 {[%clk 0:42:43]} 55. Kg6 {[%clk 0:17:13]} e4 {[%clk
0:38:56]} 56. Rxf7+ {[%clk 0:17:25]} Kd6 {[%clk 0:38:35]} 57. Nxg5 {[%clk
0:15:31]} fxg5 {[%clk 0:37:24]} 58. f6 {[%clk 0:15:03]} Ke5 {[%clk 0:33:45]} 59.
Re7+ {[%clk 0:15:04]} Kd6 {[%clk 0:31:21]} 60. Re8 {[%clk 0:15:09]} e3 {[%clk
0:24:24]} 61. f7 {[%clk 0:15:06]} Rf4 {[%clk 0:22:58]} 62. Rxe3 {[%clk 0:14:27]}
g4 {[%clk 0:22:25]} 63. Kg7 {[%clk 0:14:25]} h5 {[%clk 0:21:00]} 64. Kg8 {[%clk
0:09:21]} Kd5 {[%clk 0:20:08]} 65. Ra3 {[%clk 0:05:06]} Ke5 {[%clk 0:05:11]} 66.
Ra5+ {[%clk 0:05:01]} Ke6 {[%clk 0:04:24]} 67. f8Q {[%clk 0:04:49]} Rxf8+ {[%clk
0:03:32]} 68. Kxf8 {[%clk 0:05:11]} h4 {[%clk 0:03:47]} 69. Rg5 {[%clk 0:04:51]}
g3 {[%clk 0:02:49]} 70. Rg4 {[%clk 0:04:56]} Kf5 {[%clk 0:01:52]} 71. Rxh4 {[%clk
0:04:26]} g2 {[%clk 0:02:16]} 72. Rh5+ {[%clk 0:03:21]} Kf4 {[%clk 0:01:24]} 73.
Rh4+ {[%clk 0:03:16]} Kf3 {[%clk 0:00:40]} 74. Rh3+ {[%clk 0:03:38]} 1-0

[Event "Baku Chess Olympiad | Open"]
[Site "chess24.com"]
[Date "2016.09.04"]
[Round "3"]
[White "Semedo, Adelino"]
[Black "Kouevi, Mawuvi Koue"]
[Result "1-0"]
[Board "4"]
[WhiteID "1951165"]
[WhiteElo "1671"]
[WhiteCountry "STP"]
[WhiteFideId "1951165"]
[WhiteEloChange "12"]
[BlackID "21200041"]
[BlackElo "1730"]
[BlackCountry "TOG"]
[BlackFideId "21200041"]
[BlackEloChange "-12"]

1. d4 {[%clk 1:30:53]} d5 {[%clk 1:30:32]} 2. c4 {[%clk 1:31:09]} e6 {[%clk
1:30:20]} 3. Nc3 {[%clk 1:31:17]} Nf6 {[%clk 1:30:07]} 4. cxd5 {[%clk 1:31:00]}
exd5 {[%clk 1:29:42]} 5. Bg5 {[%clk 1:30:53]} Be7 {[%clk 1:28:29]} 6. e3 {[%clk
1:29:49]} c6 {[%clk 1:27:50]} 7. Bd3 {[%clk 1:29:22]} h6 {[%clk 1:27:25]} 8. Bf4
{[%clk 1:28:31]} Bd6 {[%clk 1:25:07]} 9. Nge2 {[%clk 1:20:27]} Bxf4 {[%clk
1:16:04]} 10. Nxf4 {[%clk 1:20:38]} O-O {[%clk 1:14:01]} 11. h3 {[%clk 1:15:14]}
Qe7 {[%clk 1:08:34]} 12. g4 {[%clk 1:11:49]} Ne4 {[%clk 1:04:36]} 13. Qb3 {[%clk
1:05:09]} Nxc3 {[%clk 0:56:36]} 14. bxc3 {[%clk 1:02:33]} a5 {[%clk 0:53:25]} 15.
a4 {[%clk 1:01:52]} Na6 {[%clk 0:53:25]} 16. Ke2 {[%clk 0:55:39]} Re8 {[%clk
0:48:38]} 17. Rag1 {[%clk 0:54:45]} Qd6 {[%clk 0:43:33]} 18. Kd2 {[%clk 0:52:24]}
b5 {[%clk 0:40:21]} 19. axb5 {[%clk 0:47:46]} cxb5 {[%clk 0:40:19]} 20. Qxb5
{[%clk 0:44:43]} Be6 {[%clk 0:39:00]} 21. Bc2 {[%clk 0:42:49]} Rec8 {[%clk
0:32:16]} 22. Qd3 {[%clk 0:41:47]} Qc6 {[%clk 0:27:11]} 23. Nxe6 {[%clk 0:41:47]}
fxe6 {[%clk 0:27:11]} 24. g5 {[%clk 0:33:13]} hxg5 {[%clk 0:19:06]} 25. Rxg5
{[%clk 0:32:11]} Kf8 {[%clk 0:18:52]} 26. Rhg1 {[%clk 0:30:44]} Ra7 {[%clk
0:18:26]} 27. Rh5 {[%clk 0:30:04]} Rf7 {[%clk 0:17:28]} 28. Ba4 {[%clk 0:25:16]}
Qxa4 {[%clk 0:12:39]} 29. Qxa6 {[%clk 0:19:22]} Qa2+ {[%clk 0:10:21]} 30. Kd3
{[%clk 0:19:37]} Qc4+ {[%clk 0:10:24]} 31. Qxc4 {[%clk 0:19:53]} Rxc4 {[%clk
0:10:42]} 32. Rh8+ {[%clk 0:19:07]} Ke7 {[%clk 0:10:57]} 33. f4 {[%clk 0:17:53]}
Kf6 {[%clk 0:08:02]} 34. Ra8 {[%clk 0:16:58]} a4 {[%clk 0:07:55]} 35. Ra1 {[%clk
0:17:06]} Rfc7 {[%clk 0:08:15]} 36. Ra3 {[%clk 0:17:23]} g5 {[%clk 0:07:32]} 37.
fxg5+ {[%clk 0:16:44]} Kxg5 {[%clk 0:07:54]} 38. R8xa4 {[%clk 0:15:44]} Rxa4
{[%clk 0:07:41]} 39. Rxa4 {[%clk 0:16:12]} Rh7 {[%clk 0:08:06]} 40. Ra5 {[%clk
0:43:48]} Kf6 {[%clk 0:38:10]} 41. c4 {[%clk 0:42:58]} dxc4+ {[%clk 0:35:18]} 42.
Kxc4 {[%clk 0:43:22]} Rxh3 {[%clk 0:35:28]} 43. Re5 {[%clk 0:43:36]} Rh8 {[%clk
0:31:51]} 44. Kc5 {[%clk 0:43:29]} Rd8 {[%clk 0:31:24]} 45. Kc6 {[%clk 0:43:37]}
Re8 {[%clk 0:30:20]} 46. Kd7 {[%clk 0:41:32]} Re7+ {[%clk 0:30:25]} 47. Kd6
{[%clk 0:41:04]} Re8 {[%clk 0:30:26]} 48. Rh5 {[%clk 0:39:34]} Rd8+ {[%clk
0:28:10]} 49. Kc7 {[%clk 0:39:31]} Ra8 {[%clk 0:27:31]} 50. Rh6+ {[%clk 0:38:42]}
Kf5 {[%clk 0:26:13]} 51. Rh5+ {[%clk 0:38:39]} Kg6 {[%clk 0:25:21]} 52. Rb5
{[%clk 0:37:05]} Kf6 {[%clk 0:24:37]} 53. Re5 {[%clk 0:34:17]} Ra7+ {[%clk
0:23:42]} 54. Kb6 {[%clk 0:34:43]} Rd7 {[%clk 0:23:21]} 55. Kc6 {[%clk 0:34:44]}
Ra7 {[%clk 0:23:02]} 56. Rh5 {[%clk 0:34:25]} Kg6 {[%clk 0:22:07]} 57. Rh3 {[%clk
0:33:00]} Ra6+ {[%clk 0:19:29]} 58. Kb5 {[%clk 0:33:05]} Rd6 {[%clk 0:19:40]} 59.
Rf3 {[%clk 0:33:01]} Rd5+ {[%clk 0:18:33]} 60. Kc4 {[%clk 0:33:06]} Ra5 {[%clk
0:16:57]} 61. e4 {[%clk 0:31:54]} Ra4+ {[%clk 0:16:39]} 62. Kc5 {[%clk 0:32:17]}
Ra5+ {[%clk 0:14:51]} 63. Kd6 {[%clk 0:32:33]} Ra6+ {[%clk 0:14:55]} 64. Ke5
{[%clk 0:32:42]} Kg7 {[%clk 0:14:17]} 65. d5 {[%clk 0:32:33]} exd5 {[%clk
0:13:07]} 66. exd5 {[%clk 0:33:02]} Ra5 {[%clk 0:12:53]} 67. Ke6 {[%clk 0:33:16]}
Ra4 {[%clk 0:10:55]} 68. d6 {[%clk 0:32:37]} Re4+ {[%clk 0:10:58]} 69. Kd7 {[%clk
0:32:58]} Rd4 {[%clk 0:11:00]} 70. Ke7 {[%clk 0:33:14]} Re4+ {[%clk 0:11:18]} 71.
Kd8 {[%clk 0:33:09]} Rd4 {[%clk 0:11:23]} 72. d7 {[%clk 0:33:23]} Rd1 {[%clk
0:10:06]} 73. Rc3 {[%clk 0:31:45]} Kf7 {[%clk 0:09:13]} 74. Kc7 {[%clk 0:32:01]}
Ke7 {[%clk 0:06:40]} 75. d8Q+ {[%clk 0:32:03]} 1-0

[Event "Baku Chess Olympiad | Open"]
[Site "chess24.com"]
[Date "2016.09.04"]
[Round "3"]
[White "Fidow, Kassim Hassan"]
[Black "Mfune, Petros"]
[Result "0-1"]
[Board "2"]
[WhiteID "16100239"]
[WhiteElo "1567"]
[WhiteCountry "SOM"]
[WhiteFideId "16100239"]
[WhiteEloChange "-2"]
[BlackID "20500033"]
[BlackElo "2032"]
[BlackCountry "MAW"]
[BlackFideId "20500033"]
[BlackEloChange "2"]

1. Nf3 {[%clk 1:28:42]} d5 {[%clk 1:30:47]} 2. d4 {[%clk 1:28:40]} Nf6 {[%clk
1:29:58]} 3. c4 {[%clk 1:28:59]} e6 {[%clk 1:30:05]} 4. a3 {[%clk 1:29:14]} b6
{[%clk 1:28:45]} 5. Nc3 {[%clk 1:29:17]} Bb7 {[%clk 1:28:53]} 6. Bf4 {[%clk
1:29:14]} Bd6 {[%clk 1:25:31]} 7. Bxd6 {[%clk 1:26:52]} cxd6 {[%clk 1:25:42]} 8.
e3 {[%clk 1:26:57]} Nbd7 {[%clk 1:25:49]} 9. Nb5 {[%clk 1:25:29]} Ne4 {[%clk
1:17:55]} 10. Bd3 {[%clk 1:24:52]} Ndf6 {[%clk 1:15:30]} 11. Rc1 {[%clk 1:24:38]}
a6 {[%clk 1:14:16]} 12. Nc3 {[%clk 1:24:53]} Nxc3 {[%clk 1:13:10]} 13. Rxc3
{[%clk 1:24:43]} O-O {[%clk 1:11:21]} 14. h4 {[%clk 1:23:15]} Re8 {[%clk
1:02:45]} 15. cxd5 {[%clk 1:04:47]} Bxd5 {[%clk 1:01:32]} 16. O-O {[%clk
1:04:32]} h6 {[%clk 1:00:48]} 17. Re1 {[%clk 1:04:40]} Ne4 {[%clk 0:58:55]} 18.
Rc1 {[%clk 1:04:44]} b5 {[%clk 0:55:58]} 19. Qc2 {[%clk 1:01:45]} f5 {[%clk
0:53:39]} 20. Qe2 {[%clk 0:57:36]} Ra7 {[%clk 0:48:33]} 21. Rc2 {[%clk 0:56:18]}
Qd7 {[%clk 0:47:18]} 22. Rec1 {[%clk 0:56:02]} Bb3 {[%clk 0:47:13]} 23. Rc6
{[%clk 0:55:24]} Bd5 {[%clk 0:46:34]} 24. R6c2 {[%clk 0:54:46]} e5 {[%clk
0:40:42]} 25. Bxe4 {[%clk 0:48:12]} fxe4 {[%clk 0:37:59]} 26. Nh2 {[%clk
0:43:22]} exd4 {[%clk 0:37:01]} 27. exd4 {[%clk 0:43:20]} Qe7 {[%clk 0:34:58]}
28. Rc8 {[%clk 0:36:54]} Rxc8 {[%clk 0:33:06]} 29. Rxc8+ {[%clk 0:36:11]} Kh7
{[%clk 0:32:52]} 30. Qh5 {[%clk 0:34:22]} Bf7 {[%clk 0:28:06]} 31. Qf5+ {[%clk
0:31:32]} Bg6 {[%clk 0:26:38]} 32. Qf4 {[%clk 0:31:32]} Rc7 {[%clk 0:24:07]} 33.
Rxc7 {[%clk 0:27:26]} Qxc7 {[%clk 0:24:24]} 34. g4 {[%clk 0:27:44]} Kg8 {[%clk
0:19:53]} 35. h5 {[%clk 0:24:24]} Bf7 {[%clk 0:16:22]} 36. Qxe4 {[%clk 0:22:51]}
Qc1+ {[%clk 0:13:43]} 37. Kg2 {[%clk 0:23:19]} Qxb2 {[%clk 0:09:08]} 38. Qa8+
{[%clk 0:15:14]} Kh7 {[%clk 0:09:07]} 39. Qe4+ {[%clk 0:15:41]} Kg8 {[%clk
0:06:09]} 40. Qa8+ {[%clk 0:46:09]} Kh7 {[%clk 0:36:28]} 41. Qe4+ {[%clk
0:46:15]} Kh8 {[%clk 0:30:54]} 42. Nf3 {[%clk 0:45:26]} Qxa3 {[%clk 0:20:11]} 43.
Nh4 {[%clk 0:42:18]} d5 {[%clk 0:18:24]} 44. Qf5 {[%clk 0:38:30]} Qe7 {[%clk
0:12:42]} 45. Qc8+ {[%clk 0:37:18]} Kh7 {[%clk 0:10:24]} 46. Qf5+ {[%clk
0:37:41]} Kg8 {[%clk 0:10:15]} 47. Qc8+ {[%clk 0:38:08]} Be8 {[%clk 0:07:20]} 48.
Nf5 {[%clk 0:35:12]} Qd7 {[%clk 0:07:03]} 49. Qa8 {[%clk 0:32:55]} Kh7 {[%clk
0:06:20]} 50. Ne3 {[%clk 0:30:32]} Qc6 {[%clk 0:05:58]} 51. Qd8 {[%clk 0:27:57]}
Qd7 {[%clk 0:04:06]} 52. Qa8 {[%clk 0:27:28]} Qe6 {[%clk 0:03:42]} 53. Kg3 {[%clk
0:27:18]} b4 {[%clk 0:03:09]} 54. Qb7 {[%clk 0:23:39]} a5 {[%clk 0:02:33]} 55.
Nf5 {[%clk 0:21:02]} Bd7 {[%clk 0:02:04]} 56. Qb8 {[%clk 0:19:35]} Qe8 {[%clk
0:01:57]} 57. Qf4 {[%clk 0:18:08]} Qe4 {[%clk 0:02:07]} 58. Qc7 {[%clk 0:11:30]}
Bxf5 {[%clk 0:02:02]} 59. gxf5 {[%clk 0:11:59]} Qxf5 {[%clk 0:01:51]} 60. Qxa5
{[%clk 0:12:25]} Qd3+ {[%clk 0:01:42]} 61. f3 {[%clk 0:08:37]} b3 {[%clk
0:01:29]} 62. Qb4 {[%clk 0:08:29]} Qc2 {[%clk 0:01:37]} 63. Qd6 {[%clk 0:07:18]}
b2 {[%clk 0:01:40]} 64. Qxd5 {[%clk 0:07:46]} b1Q {[%clk 0:01:51]} 65. Kf4 {[%clk
0:00:00]} Qh2+ {[%clk 0:01:51]} 0-1

[Event "Baku Chess Olympiad | Open"]
[Site "chess24.com"]
[Date "2016.09.04"]
[Round "3"]
[White "Luxama, Jacques Muller"]
[Black "Kavinda, Akila"]
[Result "0-1"]
[Board "2"]
[WhiteID "11900113"]
[WhiteElo "2024"]
[WhiteTitle "CM"]
[WhiteCountry "HAI"]
[WhiteFideId "11900113"]
[WhiteEloChange "-10"]
[BlackID "9901302"]
[BlackElo "2020"]
[BlackCountry "SRI"]
[BlackFideId "9901302"]
[BlackEloChange "10"]

1. d4 {[%clk 1:30:51]} d6 {[%clk 1:30:51]} 2. c4 {[%clk 1:30:14]} e5 {[%clk
1:31:10]} 3. dxe5 {[%clk 1:30:16]} dxe5 {[%clk 1:31:35]} 4. Qxd8+ {[%clk
1:30:20]} Kxd8 {[%clk 1:32:00]} 5. Nc3 {[%clk 1:30:29]} Be6 {[%clk 1:31:38]} 6.
e4 {[%clk 1:30:23]} c6 {[%clk 1:31:13]} 7. Bd2 {[%clk 1:30:03]} g6 {[%clk
1:21:39]} 8. O-O-O {[%clk 1:29:59]} Kc7 {[%clk 1:21:53]} 9. Nf3 {[%clk 1:29:00]}
f6 {[%clk 1:21:59]} 10. Be2 {[%clk 1:27:42]} Nd7 {[%clk 1:18:59]} 11. Ne1 {[%clk
1:27:38]} a5 {[%clk 0:55:24]} 12. Nc2 {[%clk 1:27:28]} Nc5 {[%clk 0:53:45]} 13.
Be3 {[%clk 1:26:06]} Bh6 {[%clk 0:49:52]} 14. Kb1 {[%clk 1:24:49]} Bxe3 {[%clk
0:50:01]} 15. Nxe3 {[%clk 1:25:04]} Nh6 {[%clk 0:47:03]} 16. g4 {[%clk 1:15:39]}
Nf7 {[%clk 0:45:22]} 17. f3 {[%clk 1:14:50]} Rad8 {[%clk 0:40:35]} 18. Kc2 {[%clk
1:13:47]} Bc8 {[%clk 0:33:05]} 19. Rxd8 {[%clk 1:11:21]} Rxd8 {[%clk 0:30:24]}
20. Rd1 {[%clk 1:10:54]} Rxd1 {[%clk 0:27:13]} 21. Bxd1 {[%clk 1:09:40]} Ng5
{[%clk 0:27:32]} 22. a3 {[%clk 1:06:42]} Nce6 {[%clk 0:27:13]} 23. Kd3 {[%clk
1:03:28]} Nf4+ {[%clk 0:20:56]} 24. Kd2 {[%clk 1:03:02]} Nge6 {[%clk 0:18:21]}
25. Ne2 {[%clk 1:01:52]} Nxe2 {[%clk 0:15:49]} 26. Bxe2 {[%clk 1:02:02]} Nd4
{[%clk 0:15:59]} 27. Nc2 {[%clk 0:58:37]} Kd6 {[%clk 0:12:27]} 28. b4 {[%clk
0:54:39]} axb4 {[%clk 0:10:19]} 29. axb4 {[%clk 0:54:27]} c5 {[%clk 0:02:33]} 30.
b5 {[%clk 0:51:50]} Be6 {[%clk 0:02:40]} 31. Ne3 {[%clk 0:48:07]} h6 {[%clk
0:02:28]} 32. h3 {[%clk 0:46:26]} f5 {[%clk 0:01:18]} 33. Bd1 {[%clk 0:30:19]}
fxe4 {[%clk 0:00:36]} 34. fxe4 {[%clk 0:30:34]} Bf7 {[%clk 0:00:47]} 35. h4
{[%clk 0:28:53]} Ne6 {[%clk 0:00:41]} 36. Be2 {[%clk 0:27:22]} Nf4 {[%clk
0:00:57]} 37. Bf1 {[%clk 0:25:58]} Be6 {[%clk 0:00:52]} 38. Kc3 {[%clk 0:23:19]}
h5 {[%clk 0:00:42]} 39. g5 {[%clk 0:21:57]} Bg4 {[%clk 0:00:56]} 40. Kd2 {[%clk
0:48:38]} Bf3 {[%clk 0:30:46]} 41. Bd3 {[%clk 0:48:56]} Bh1 {[%clk 0:22:12]} 42.
Bb1 {[%clk 0:32:43]} Bf3 {[%clk 0:20:52]} 43. Bd3 {[%clk 0:26:07]} Bg4 {[%clk
0:19:46]} 44. Bf1 {[%clk 0:21:52]} Bd7 {[%clk 0:18:44]} 45. Bg2 {[%clk 0:19:53]}
Be8 {[%clk 0:16:29]} 46. Bf1 {[%clk 0:17:40]} Ne6 {[%clk 0:14:58]} 47. Be2 {[%clk
0:14:38]} Nd4 {[%clk 0:15:19]} 48. Bd1 {[%clk 0:14:28]} Bf7 {[%clk 0:13:12]} 49.
Ke1 {[%clk 0:14:23]} Kc7 {[%clk 0:11:46]} 50. Kd2 {[%clk 0:13:59]} Be6 {[%clk
0:12:06]} 51. Kc3 {[%clk 0:12:22]} Bh3 {[%clk 0:11:37]} 52. Nd5+ {[%clk 0:11:31]}
Kd6 {[%clk 0:12:01]} 53. Ne3 {[%clk 0:11:24]} Ne6 {[%clk 0:09:56]} 54. Bf3 {[%clk
0:10:27]} Nf4 {[%clk 0:08:39]} 55. Kd2 {[%clk 0:09:28]} Kd7 {[%clk 0:07:02]} 56.
Kc3 {[%clk 0:08:48]} Ne6 {[%clk 0:06:53]} 57. Bd1 {[%clk 0:07:48]} Ng7 {[%clk
0:06:16]} 58. Bf3 {[%clk 0:07:40]} Ne8 {[%clk 0:06:26]} 59. Kd2 {[%clk 0:07:08]}
Nd6 {[%clk 0:06:19]} 60. Kc3 {[%clk 0:06:55]} Be6 {[%clk 0:06:41]} 61. Kd3 {[%clk
0:05:46]} Kc7 {[%clk 0:04:20]} 62. Kc3 {[%clk 0:05:03]} Kb6 {[%clk 0:02:51]} 63.
Kd3 {[%clk 0:04:34]} Ka5 {[%clk 0:02:56]} 64. Kc3 {[%clk 0:04:49]} Ka4 {[%clk
0:02:43]} 65. Nd5 {[%clk 0:04:49]} Ka3 {[%clk 0:01:35]} 66. Ne3 {[%clk 0:01:54]}
Ka2 {[%clk 0:01:29]} 67. Nd5 {[%clk 0:01:40]} Kb1 {[%clk 0:01:31]} 68. Ne3 {[%clk
0:02:01]} Kc1 {[%clk 0:01:46]} 69. Nd5 {[%clk 0:02:24]} Bxd5 {[%clk 0:01:08]} 70.
exd5 {[%clk 0:02:45]} e4 {[%clk 0:01:22]} 71. Bxh5 {[%clk 0:00:47]} gxh5 {[%clk
0:01:45]} 72. g6 {[%clk 0:01:16]} Nf5 {[%clk 0:01:58]} 73. d6 {[%clk 0:01:37]} e3
{[%clk 0:02:25]} 74. d7 {[%clk 0:01:56]} e2 {[%clk 0:02:50]} 75. d8Q {[%clk
0:01:56]} e1Q+ {[%clk 0:03:11]} 76. Kb3 {[%clk 0:01:47]} Qb4+ {[%clk 0:03:27]}
77. Ka2 {[%clk 0:02:14]} Qa4# {[%clk 0:03:51]} 0-1